¿Para qué la ciencia social? /
Se aborda el tema del conocimiento científico social, y las dos visiones de mundo opuestas en que se clasifican: la visión ortodoxa, en la que el investigador no influye en el objeto estudiado y lo aborda de una forma externa y con un lenguaje formal, o la visión que plantea que el saber de las cien...
Guardado en:
| 主要作者: | |
|---|---|
| 格式: | Texto |
| 主题: | |
| 标签: |
添加标签
没有标签, 成为第一个标记此记录!
|
MARC
| LEADER | 00000 a a2200000 04500 | ||
|---|---|---|---|
| 001 | 40884 | ||
| 003 | |||
| 040 | |||
| 100 | |a Lamo de Espinoza, Emilio | ||
| 245 | |a ¿Para qué la ciencia social? / |c Emilio Lamo de Espinoza | ||
| 520 | |a Se aborda el tema del conocimiento científico social, y las dos visiones de mundo opuestas en que se clasifican: la visión ortodoxa, en la que el investigador no influye en el objeto estudiado y lo aborda de una forma externa y con un lenguaje formal, o la visión que plantea que el saber de las ciencias sociales no solamente lee la sociedad, sino que la transforma. | ||
| 590 | |a EFU/MAYO2011 | ||
| 650 | |a SOCIOLOGIA | ||
| 650 | |a EPISTEMOLOGIA | ||
| 650 | |a CIENCIAS SOCIALES | ||
| 650 | |a TEORIA | ||
| 773 | |g páginas 25-42 | ||
| 999 | |c 39767 |d 39767 | ||
